Storytime for 3 year olds

Bibliographic Details
Main Author: Stimson, Joan
Corporate Author: Title
Format: Book
Published: London : Ladybird Books
Subjects:

MARC

LEADER 00000cam a2200000 7i4500
001 0000003064
005 20220105103941.0
008 070717
020 |a 0721424813 
090 0 0 |a JP   |b ENG (3685) 
100 0 |a Stimson, Joan 
245 1 0 |a Storytime for 3 year olds   |c Joan Stimson 
260 |a London :   |b Ladybird Books 
500 |a Children age 4-6 years old (yellow) 
650 0 |a English Fiction 
650 0 |a Junior preschool   |x English   |x Languages 
710 0 |a Title 
999 |a 0000961642   |b Book   |c Children Collection   |e Perbadanan Perpustakaan Awam Johor 
999 |a 0000961643   |b Book   |c Children Collection   |e Perbadanan Perpustakaan Awam Johor 
999 |a 0000961644   |b Book   |c Children Collection   |e Perbadanan Perpustakaan Awam Johor